00596nam a2200157 a 450000100100000000500170001000800410002704000250006808200150009324501330010826000390024130000190028004900090029995201130030899900170042100002846520200930054947.0110408s1983 dr 000 d spa d aDO-SdBNPbspacBNPHU axxxxbA45300aAlocución dirigida al país por el ciudadano presidente de la república Doctor Salvador Jorge Blanco el 10 de mayo de 1983. aSanto Domingo :b[s. n.],c[198?]. a8 p. ;c22 cm. aBNPD 0010718PDaPDbPDcCTd2011-04-08iLF1l0oxxxx A453p28465-10r2020-06-25w2020-06-25yLFPDZNo se presta c27957d27957